[Event "WchT Seniors 65"]
[Site "Rhodes"]
[Date "2019.04.23"]
[Round "8.3"]
[White "Gudmundsson, Kristjan"]
[Black "Bellin, Robert"]
[Result "0-1"]
[WhiteElo "2268"]
[BlackElo "2315"]
[PlyCount "70"]
[EventDate "2019.04.16"]
[EventType "team-swiss"]
[EventRounds "9"]
[EventCountry "GRE"]
[SourceTitle "CBM 190 Extra"]
[Source "ChessBase"]
[SourceDate "2019.07.15"]
[SourceVersion "1"]
[SourceVersionDate "2019.07.15"]
[SourceQuality "1"]
[WhiteTeam "Iceland II"]
[BlackTeam "England"]
[WhiteTeamCountry "ISL"]
[BlackTeamCountry "ENG"]

1. Nf3 c5 2. e4 Nc6 3. d4 cxd4 4. Nxd4 Nf6 5. Nc3 d6 6. Bc4 Qb6 7. Ndb5 a6 8. Be3 Qa5 9. Nd4 Ne5 10. Bd3 Nfg4 11. Qd2 Nxe3 12. Qxe3 e6 13. Nb3 Qc7 14. f4 Nxd3+ 15. cxd3 Bd7 16. Rc1 Qd8 17. 0-0 Be7 18. d4 0-0 19. Rfd1 Qb6 20. Rc2 Rac8 21. Re2 Rfe8 22. d5 Qxe3+ 23. Rxe3 e5 24. g3 b5 25. a3 Bd8 26. Kg2 Bb6 27. Red3 f5 28. fxe5 Rxe5 29. Nd2 Rce8 30. Re1 g5 31. h3 h5 32. Nf3 Rxe4 33. Nxe4 fxe4 34. Rdd1 exf3+ 35. Kxf3 Rf8+ 0-1

[Event "Gibraltar Masters 17th"]
[Site "Caleta"]
[Date "2019.01.31"]
[Round "10"]
[White "Bellin, Robert"]
[Black "Pogonina, Natalija"]
[Result "0-1"]
[WhiteElo "2312"]
[BlackElo "2465"]
[PlyCount "102"]
[EventDate "2019.01.22"]
[EventType "swiss"]
[EventRounds "10"]
[EventCountry "GGB"]
[SourceTitle "CBM 188 Extra"]
[Source "ChessBase"]
[SourceDate "2019.02.26"]
[SourceVersion "1"]
[SourceVersionDate "2019.02.26"]
[SourceQuality "1"]

1. g3 d5 2. Bg2 Nf6 3. d3 g6 4. f4 c6 5. Nf3 Qb6 6. e3 Bg4 7. h3 Bxf3 8. Qxf3 Bg7 9. Nd2 0-0 10. 0-0 a5 11. a4 Na6 12. Rf2 Nd7 13. c3 Nac5 14. Qe2 Nb3 15. Nxb3 Qxb3 16. Ra3 Qb6 17. d4 f5 18. g4 Nf6 19. Bf3 Rac8 20. Qd1 e6 21. b4 axb4 22. a5 Qa7 23. cxb4 Rf7 24. Qa4 Bf8 25. g5 Ne8 26. Rc2 Nd6 27. Be2 h6 28. h4 hxg5 29. hxg5 Rh7 30. Qb3 Ne4 31. Raa2 Qb8 32. Bf1 Bd6 33. Bg2 Qa7 34. b5 c5 35. Qd3 c4 36. Qe2 Bb4 37. Bxe4 fxe4 38. Qg4 Kf7 39. Rh2 Rch8 40. Rxh7+ Rxh7 41. a6 Bd6 42. Ba3 Bxa3 43. Rxa3 Rh8 44. Qe2 Kg7 45. Qb2 b6 46. Qb4 Qd7 47. Kf2 e5 48. a7 exf4 49. exf4 Ra8 50. Kg3 Kf7 51. Ra6 Rh8 0-1

[Event "Gibraltar Masters 17th"]
[Site "Caleta"]
[Date "2019.01.28"]
[Round "7"]
[White "Bellin, Robert"]
[Black "Martinez Martin, David"]
[Result "1-0"]
[WhiteElo "2312"]
[BlackElo "2416"]
[PlyCount "72"]
[EventDate "2019.01.22"]
[EventType "swiss"]
[EventRounds "10"]
[EventCountry "GGB"]
[SourceTitle "CBM 188 Extra"]
[Source "ChessBase"]
[SourceDate "2019.02.26"]
[SourceVersion "1"]
[SourceVersionDate "2019.02.26"]
[SourceQuality "1"]

1. Nf3 Nf6 2. d4 g6 3. Bg5 Bg7 4. Nbd2 0-0 5. c3 d5 6. Bxf6 Bxf6 7. e4 dxe4 8. Nxe4 Bg7 9. Bc4 Nd7 10. Neg5 Nb6 11. Bb3 a5 12. a4 Nd5 13. 0-0 b6 14. Ne5 e6 15. Ngf3 c5 16. Re1 Bb7 17. Qd2 Qc7 18. Bc4 Rfd8 19. Rac1 Rac8 20. h4 cxd4 21. cxd4 Qe7 22. b3 Bxe5 23. dxe5 Nb4 24. Qg5 Qf8 25. Nh2 h6 26. Qe3 h5 27. Qxb6 Ba8 28. Qxa5 Rd4 29. g3 Qe7 30. Be2 Rcd8 31. Rc7 Qf8 32. Rc4 Nc6 33. Qc5 Qxc5 34. Rxc5 Rb4 35. Bc4 Nd4 36. Re3 Kg7 1-0

[Event "Gibraltar Masters 17th"]
[Site "Caleta"]
[Date "2019.01.26"]
[Round "5"]
[White "Cyfka, Karina"]
[Black "Bellin, Robert"]
[Result "1-0"]
[WhiteElo "2426"]
[BlackElo "2312"]
[PlyCount "53"]
[EventDate "2019.01.22"]
[EventType "swiss"]
[EventRounds "10"]
[EventCountry "GGB"]
[SourceTitle "CBM 188 Extra"]
[Source "ChessBase"]
[SourceDate "2019.02.26"]
[SourceVersion "1"]
[SourceVersionDate "2019.02.26"]
[SourceQuality "1"]

1. d4 Nf6 2. c4 c5 3. d5 e5 4. Nc3 d6 5. e4 g6 6. g3 Bg7 7. Bg2 0-0 8. Nge2 Na6 9. 0-0 Nc7 10. a4 b6 11. h3 a6 12. f4 Nfe8 13. f5 Bd7 14. g4 Qh4 15. Qd2 f6 16. Kh2 h5 17. gxh5 gxf5 18. h6 Bh8 19. exf5 Qxc4 20. Be4 b5 21. Rg1+ Kf7 22. Rg4 b4 23. Nd1 Qb3 24. Ne3 c4 25. Bc2 c3 26. bxc3 bxc3 27. Nxc3 1-0

[Event "Douglas IoM op"]
[Site "Douglas"]
[Date "2018.10.25"]
[Round "6"]
[White "Lorscheid, Gerhard"]
[Black "Bellin, Robert"]
[Result "1/2-1/2"]
[WhiteElo "2205"]
[BlackElo "2326"]
[PlyCount "69"]
[EventDate "2018.10.20"]
[EventType "swiss"]
[EventRounds "9"]
[EventCountry "ENG"]
[SourceTitle "CBM 187"]
[Source "ChessBase"]
[SourceDate "2018.12.11"]
[SourceVersion "1"]
[SourceVersionDate "2018.12.11"]
[SourceQuality "1"]

1. d4 Nf6 2. c4 c5 3. d5 e5 4. Nc3 d6 5. g3 Be7 6. Bg2 0-0 7. e4 a6 8. a4 Nbd7 9. Nf3 Ne8 10. 0-0 g6 11. Ne1 Ng7 12. Nd3 f5 13. f4 Bf6 14. Ra3 exf4 15. Bxf4 Bd4+ 16. Kh1 Ne5 17. Nxe5 dxe5 18. Bc1 Qe7 19. a5 Ne8 20. Na4 Nd6 21. Nb6 Rb8 22. Bh6 Rf7 23. Qe2 Nxe4 24. Bxe4 fxe4 25. Rxf7 Qxf7 26. Nxc8 Rxc8 27. Kg2 e3 28. Bxe3 Rf8 29. Bxd4 cxd4 30. Rf3 Qe7 31. Rxf8+ Kxf8 32. Kf3 Qf6+ 33. Kg2 Qe7 34. Kf3 Qf6+ 35. Kg2 1/2-1/2

[Event "Douglas IoM op"]
[Site "Douglas"]
[Date "2018.10.22"]
[Round "3"]
[White "Sundararajan, Kidambi"]
[Black "Bellin, Robert"]
[Result "1-0"]
[WhiteElo "2445"]
[BlackElo "2326"]
[PlyCount "63"]
[EventDate "2018.10.20"]
[EventType "swiss"]
[EventRounds "9"]
[EventCountry "ENG"]
[SourceTitle "CBM 187"]
[Source "ChessBase"]
[SourceDate "2018.12.11"]
[SourceVersion "1"]
[SourceVersionDate "2018.12.11"]
[SourceQuality "1"]

1. c4 e5 2. Nc3 Nf6 3. Nf3 Nc6 4. e3 Be7 5. d4 d6 6. Be2 0-0 7. 0-0 Re8 8. a3 a5 9. b3 Bf5 10. Bb2 Bf8 11. d5 Ne7 12. b4 e4 13. Nd4 Bg6 14. bxa5 Nd7 15. Nb3 Nc5 16. Nxc5 dxc5 17. Nb5 Nf5 18. a4 Rxa5 19. Bc3 Ra8 20. a5 Bd6 21. g3 Qg5 22. Nxd6 cxd6 23. Kh1 h5 24. Rg1 Nh6 25. h3 Qf5 26. Qf1 Re7 27. Qg2 Kh7 28. Qh2 Qd7 29. g4 hxg4 30. Bxg4 f5 31. Be2 Rg8 32. Qf4 1-0

[Event "WchT Seniors 65"]
[Site "Dresden"]
[Date "2018.07.13"]
[Round "7.6"]
[White "Bellin, Robert"]
[Black "Vogt, Lothar"]
[Result "1/2-1/2"]
[WhiteElo "2333"]
[BlackElo "2376"]
[PlyCount "23"]
[EventDate "2018.07.07"]
[EventType "team-swiss"]
[EventRounds "9"]
[EventCountry "GER"]
[SourceTitle "CBM 185 Extra"]
[Source "ChessBase"]
[SourceDate "2018.07.29"]
[SourceVersion "1"]
[SourceVersionDate "2018.07.29"]
[SourceQuality "1"]
[WhiteTeam "England"]
[BlackTeam "Eppingen"]
[WhiteTeamCountry "ENG"]
[BlackTeamCountry "GER"]

1. d4 Nf6 2. Nf3 g6 3. Bg5 Bg7 4. Nbd2 0-0 5. c3 d5 6. e3 b6 7. Bd3 Bb7 8. Qb1 Nbd7 9. h3 c5 10. 0-0 Re8 11. Rd1 Qc8 12. Bf4 1/2-1/2

[Event "WchT Seniors 65"]
[Site "Dresden"]
[Date "2018.07.11"]
[Round "5.4"]
[White "Bellin, Robert"]
[Black "Espig, Lutz"]
[Result "1-0"]
[WhiteElo "2333"]
[BlackElo "2258"]
[PlyCount "99"]
[EventDate "2018.07.07"]
[EventType "team-swiss"]
[EventRounds "9"]
[EventCountry "GER"]
[SourceTitle "CBM 185 Extra"]
[Source "ChessBase"]
[SourceDate "2018.07.29"]
[SourceVersion "1"]
[SourceVersionDate "2018.07.29"]
[SourceQuality "1"]
[WhiteTeam "England"]
[BlackTeam "Greiz/Vogtland"]
[WhiteTeamCountry "ENG"]
[BlackTeamCountry "GER"]

1. e4 c5 2. Nf3 e6 3. b3 d6 4. Bb2 Nc6 5. Bb5 Bd7 6. 0-0 Nf6 7. Re1 Be7 8. Bf1 0-0 9. d3 e5 10. c3 Re8 11. Nbd2 Bf8 12. a3 d5 13. exd5 Nxd5 14. g3 Nc7 15. Nc4 f6 16. b4 Be6 17. Ne3 Qd7 18. Qc2 Rac8 19. Rad1 Qf7 20. Qb1 Nd5 21. b5 Na5 22. c4 Nxe3 23. Rxe3 b6 24. Bg2 h6 25. Rde1 Kh8 26. Nd2 Rcd8 27. Bc3 Bf5 28. Bxa5 bxa5 29. Nb3 a4 30. Na5 Rd6 31. Qc2 Qg6 32. Be4 Bxe4 33. dxe4 Be7 34. Nc6 Bd8 35. Rd1 Rd4 36. Nxd4 exd4 37. Re2 Bb6 38. Qd3 Qg4 39. f3 Qh3 40. Rf2 f5 41. Re2 fxe4 42. Rxe4 Rf8 43. Rg4 Qh5 44. Re1 Bd8 45. h4 Bf6 46. Kg2 Qf7 47. Rge4 Qd7 48. Rf4 Rd8 49. Rf5 Qc7 50. Re6 1-0

[Event "WchT Seniors 65"]
[Site "Dresden"]
[Date "2018.07.08"]
[Round "2.6"]
[White "Schmidt, Gerhard"]
[Black "Bellin, Robert"]
[Result "1/2-1/2"]
[WhiteElo "2064"]
[BlackElo "2333"]
[PlyCount "44"]
[EventDate "2018.07.07"]
[EventType "team-swiss"]
[EventRounds "9"]
[EventCountry "GER"]
[SourceTitle "CBM 185 Extra"]
[Source "ChessBase"]
[SourceDate "2018.07.29"]
[SourceVersion "1"]
[SourceVersionDate "2018.07.29"]
[SourceQuality "1"]
[WhiteTeam "Altenberg"]
[BlackTeam "England"]
[WhiteTeamCountry "GER"]
[BlackTeamCountry "ENG"]

1. d4 f5 2. Bg5 h6 3. Bh4 g5 4. e3 Nf6 5. Bg3 d6 6. c4 e6 7. Nc3 Qe7 8. Nf3 Nh5 9. Nd2 Nxg3 10. hxg3 Bg7 11. Qc2 0-0 12. 0-0-0 c5 13. Nb3 Bd7 14. Qd2 Rd8 15. dxc5 dxc5 16. Qd6 Qxd6 17. Rxd6 Bf8 18. Rd2 Nc6 19. Nb5 Be8 20. Nc7 Rxd2 21. Nxd2 Rd8 22. Nxe6 Rd6 1/2-1/2

[Event "Gibraltar Masters 16th"]
[Site "Caleta"]
[Date "2018.01.24"]
[Round "2"]
[White "Bellin, Robert"]
[Black "Sahajasri, Cholleti"]
[Result "1-0"]
[WhiteElo "2343"]
[BlackElo "2083"]
[PlyCount "67"]
[EventDate "2018.01.23"]
[EventType "swiss"]
[EventRounds "10"]
[EventCountry "GGB"]
[SourceTitle "CBM 183"]
[Source "ChessBase"]
[SourceDate "2018.03.14"]
[SourceVersion "1"]
[SourceVersionDate "2018.03.14"]
[SourceQuality "1"]

1. e3 Nf6 2. Nf3 e6 3. b3 d5 4. Bb2 c5 5. Bb5+ Nc6 6. Ne5 Qc7 7. 0-0 Bd6 8. f4 Bd7 9. Bxc6 Bxc6 10. d3 Bxe5 11. fxe5 Nd7 12. Qh5 Nf8 13. Nd2 Ng6 14. Rf2 0-0-0 15. Raf1 Rdf8 16. c4 b6 17. d4 cxd4 18. exd4 f5 19. cxd5 Bxd5 20. Rc1 Bc6 21. b4 b5 22. Nb3 Kb8 23. Na5 Ne7 24. Rfc2 Rc8 25. Nxc6+ Nxc6 26. Rxc6 Qxc6 27. Rxc6 Rxc6 28. Qe2 a6 29. d5 exd5 30. e6 Re8 31. e7 g6 32. Bd4 Kc8 33. Bc5 Kd7 34. Qe5 1-0

[Event "Gibraltar Masters 16th"]
[Site "Caleta"]
[Date "2018.01.24"]
[Round "8"]
[White "Guthrie, David"]
[Black "Bellin, Robert"]
[Result "1/2-1/2"]
[WhiteElo "2181"]
[BlackElo "2343"]
[PlyCount "55"]
[EventDate "2018.01.23"]
[EventType "swiss"]
[EventRounds "10"]
[EventCountry "GGB"]
[SourceTitle "CBM 183"]
[Source "ChessBase"]
[SourceDate "2018.03.14"]
[SourceVersion "1"]
[SourceVersionDate "2018.03.14"]
[SourceQuality "1"]

1. d4 e6 2. Nf3 c5 3. e3 Nf6 4. c4 d5 5. Nc3 a6 6. cxd5 exd5 7. Be2 Nc6 8. 0-0 Bd6 9. dxc5 Bxc5 10. a3 0-0 11. b4 Bd6 12. Bb2 Be6 13. Qd3 b5 14. Rfd1 Qb6 15. Ng5 Be5 16. e4 Rad8 17. exd5 Bxd5 18. Qh3 h6 19. Nf3 Ne4 20. Nxe4 Bxb2 21. Rab1 Bxa3 22. Nf6+ gxf6 23. Qg4+ Kh8 24. Qh4 Kg7 25. Qg4+ Kh8 26. Qh4 Kg7 27. Qg4+ Kh8 28. Qh4 1/2-1/2

[Event "Douglas IoM op"]
[Site "Douglas"]
[Date "2017.09.30"]
[Round "8"]
[White "Bellin, Robert"]
[Black "Paehtz, Elisabeth"]
[Result "0-1"]
[WhiteElo "2344"]
[BlackElo "2453"]
[PlyCount "90"]
[EventDate "2017.09.23"]
[EventType "swiss"]
[EventRounds "9"]
[EventCountry "IOM"]
[SourceTitle "CBM 181"]
[Source "ChessBase"]
[SourceDate "2017.11.10"]
[SourceVersion "1"]
[SourceVersionDate "2017.11.10"]
[SourceQuality "1"]

1. Nf3 e6 2. g3 b6 3. Bg2 Bb7 4. 0-0 Nf6 5. b3 g6 6. Bb2 Bg7 7. c4 0-0 8. Qc2 c5 9. d4 Nc6 10. dxc5 bxc5 11. Nc3 d6 12. Rad1 Qe7 13. Qb1 Rfd8 14. Qa1 Rab8 15. Rd2 Ne8 16. Na4 Bxb2 17. Qxb2 f5 18. Rfd1 Nf6 19. Nc3 e5 20. Nd5 Nxd5 21. cxd5 Nb4 22. a3 Na6 23. e4 fxe4 24. Nh4 Nc7 25. a4 Ba6 26. Bxe4 Rb4 27. Qc2 Ne8 28. Bd3 Bxd3 29. Rxd3 Ng7 30. Re3 Qf6 31. Re4 Rdb8 32. Rxb4 Rxb4 33. Rd3 e4 34. Rc3 g5 35. Ng2 Nf5 36. Ne3 Nd4 37. Ng4 Qg6 38. Qd1 h5 39. Ne3 Nf3+ 40. Kg2 Rd4 41. Qf1 Qf7 42. Rc1 Rd2 43. Rd1 Ra2 44. Nc4 Nd4 45. Nxd6 Qf3+ 0-1

[Event "Douglas IoM op"]
[Site "Douglas"]
[Date "2017.09.29"]
[Round "7"]
[White "Khmelniker, Ilya"]
[Black "Bellin, Robert"]
[Result "1/2-1/2"]
[WhiteElo "2480"]
[BlackElo "2344"]
[PlyCount "91"]
[EventDate "2017.09.23"]
[EventType "swiss"]
[EventRounds "9"]
[EventCountry "IOM"]
[SourceTitle "CBM 181"]
[Source "ChessBase"]
[SourceDate "2017.11.10"]
[SourceVersion "1"]
[SourceVersionDate "2017.11.10"]
[SourceQuality "1"]

1. d4 e6 2. c4 Bb4+ 3. Bd2 Bxd2+ 4. Qxd2 Nf6 5. g3 d5 6. Bg2 0-0 7. Nf3 Qe7 8. 0-0 Rd8 9. Qc2 Nc6 10. Nc3 dxc4 11. Rad1 Rb8 12. Qa4 b5 13. Nxb5 Bd7 14. Nxa7 Qe8 15. Nxc6 Bxc6 16. Qxc4 Rxb2 17. Rd2 Bd5 18. Qxc7 Rxd2 19. Nxd2 Bxg2 20. Kxg2 Rxd4 21. Nf3 Nd5 22. Qe5 Rb4 23. Rd1 Qa8 24. e4 Nf6 25. Qc7 Rb8 26. Rd4 h6 27. Ne5 Rf8 28. Qc2 Rc8 29. Qa4 Qb7 30. Qb3 Qa6 31. Ra4 Qe2 32. Qd3 Qb2 33. Qd4 Qe2 34. Nd3 Qd2 35. Rc4 Rxc4 36. Qxc4 Qe2 37. Ne5 Qe1 38. f3 Qa5 39. Qc8+ Kh7 40. Nxf7 Qxa2+ 41. Kh3 Kg6 42. Ne5+ Kh7 43. Nf7 Kg6 44. Nd8 Qe2 45. Qxe6 Qxf3 46. Qf5+ 1/2-1/2

[Event "Douglas IoM op"]
[Site "Douglas"]
[Date "2017.09.27"]
[Round "5"]
[White "Bellin, Robert"]
[Black "Visakh, Narayanan Rajeswari"]
[Result "1/2-1/2"]
[WhiteElo "2344"]
[BlackElo "2458"]
[PlyCount "88"]
[EventDate "2017.09.23"]
[EventType "swiss"]
[EventRounds "9"]
[EventCountry "IOM"]
[SourceTitle "CBM 181"]
[Source "ChessBase"]
[SourceDate "2017.11.10"]
[SourceVersion "1"]
[SourceVersionDate "2017.11.10"]
[SourceQuality "1"]

1. Nf3 Nf6 2. e3 g6 3. b4 Bg7 4. Bb2 0-0 5. Be2 d6 6. c4 a5 7. a3 b6 8. 0-0 Bb7 9. Nc3 Nbd7 10. d4 Ne4 11. Qc2 Ndf6 12. Nxe4 Bxe4 13. Qb3 Bb7 14. Rfd1 Qd7 15. Nd2 e6 16. Qc2 Qe7 17. Bc3 axb4 18. axb4 e5 19. d5 Nd7 20. b5 f5 21. Nb3 e4 22. Qb2 Bxc3 23. Qxc3 Qg7 24. Qxg7+ Kxg7 25. h4 Kf6 26. g3 Ke7 27. Rxa8 Rxa8 28. Ra1 Rxa1+ 29. Nxa1 Nc5 30. Kf1 h6 31. Ke1 Bc8 32. Nc2 Kf6 33. Nb4 g5 34. hxg5+ hxg5 35. Kd2 g4 36. Bf1 Bb7 37. Be2 Ke7 38. Bf1 Nd7 39. Nc2 Ne5 40. Be2 Bc8 41. Nb4 Bd7 42. Na6 Kd8 43. Nb4 Nf7 44. Nc2 Ne5 1/2-1/2

[Event "Douglas IoM op"]
[Site "Douglas"]
[Date "2017.09.26"]
[Round "4"]
[White "Zahn, Alina"]
[Black "Bellin, Robert"]
[Result "0-1"]
[WhiteElo "2025"]
[BlackElo "2344"]
[PlyCount "76"]
[EventDate "2017.09.23"]
[EventType "swiss"]
[EventRounds "9"]
[EventCountry "IOM"]
[SourceTitle "CBM 181"]
[Source "ChessBase"]
[SourceDate "2017.11.10"]
[SourceVersion "1"]
[SourceVersionDate "2017.11.10"]
[SourceQuality "1"]

1. e4 c6 2. d4 d5 3. Nc3 g6 4. e5 Bg7 5. f4 h5 6. Bd3 b5 7. Be3 Na6 8. Qe2 Qa5 9. Bd2 Qb6 10. a3 Nc7 11. Qf2 Nh6 12. h3 Bf5 13. Bxf5 Nxf5 14. Nf3 h4 15. Ne2 a5 16. g4 hxg3 17. Nxg3 Nxg3 18. Qxg3 Ne6 19. Be3 Bh6 20. c3 0-0-0 21. Kd2 Ng7 22. Qf2 e6 23. Ne1 Nf5 24. Nd3 Bf8 25. Qf3 Be7 26. Bf2 Kc7 27. Ne1 c5 28. Nc2 c4 29. Ne3 Nxe3 30. Bxe3 Rh5 31. Rh2 b4 32. axb4 axb4 33. Rhh1 bxc3+ 34. Ke1 cxb2 35. Rb1 Qb3 36. Qe2 c3 37. Kf2 Kd7 38. Rhc1 bxc1N 0-1

[Event "Gibraltar Masters 15th"]
[Site "Caleta"]
[Date "2017.01.26"]
[Round "3"]
[White "Bellin, Robert"]
[Black "Mueller Dehn, Christian"]
[Result "1/2-1/2"]
[WhiteElo "2353"]
[BlackElo "2170"]
[PlyCount "42"]
[EventDate "2017.01.24"]
[EventType "swiss"]
[EventRounds "10"]
[EventCountry "GGB"]
[SourceTitle "CBM 177"]
[Source "ChessBase"]
[SourceDate "2017.03.16"]
[SourceVersion "1"]
[SourceVersionDate "2017.03.16"]
[SourceQuality "1"]

1. e4 e6 2. d4 d5 3. Nd2 c5 4. exd5 Qxd5 5. Ngf3 cxd4 6. Bc4 Qd6 7. 0-0 Nf6 8. Nb3 Nc6 9. Nbxd4 Nxd4 10. Nxd4 a6 11. b3 Qc7 12. a4 Bd6 13. h3 0-0 14. Bb2 b6 15. Qe2 Re8 16. Rad1 Bb7 17. Rfe1 Bb4 18. Rf1 Bd6 19. Rfe1 Bb4 20. Rf1 Bd6 21. Rfe1 Bb4 1/2-1/2

[Event "Gibraltar Masters 15th"]
[Site "Caleta"]
[Date "2017.01.25"]
[Round "2"]
[White "Short, Nigel D"]
[Black "Bellin, Robert"]
[Result "1-0"]
[WhiteElo "2675"]
[BlackElo "2353"]
[PlyCount "51"]
[EventDate "2017.01.24"]
[EventType "swiss"]
[EventRounds "10"]
[EventCountry "GGB"]
[SourceTitle "CBM 177"]
[Source "ChessBase"]
[SourceDate "2017.03.16"]
[SourceVersion "1"]
[SourceVersionDate "2017.03.16"]
[SourceQuality "1"]

1. d4 Nf6 2. c4 e6 3. Nf3 b6 4. a3 Bb7 5. Nc3 g6 6. Bg5 h6 7. Bh4 Bg7 8. e3 d6 9. h3 Nbd7 10. Be2 a6 11. 0-0 0-0 12. b4 Qe7 13. Rc1 Rfd8 14. d5 c5 15. Re1 exd5 16. cxd5 Rac8 17. b5 c4 18. bxa6 Bxa6 19. Nd4 Nb8 20. Rb1 Qb7 21. Bf3 Re8 22. Bg3 Bf8 23. Re2 Nbd7 24. Reb2 Qa8 25. Rb4 Rc5 26. Ne6 1-0

[Event "Hastings Masters op 92nd"]
[Site "Hastings"]
[Date "2017.01.04"]
[Round "8"]
[White "Bellin, Robert"]
[Black "Punnett, Alan Kenneth"]
[Result "1-0"]
[WhiteElo "2353"]
[BlackElo "2047"]
[PlyCount "73"]
[EventDate "2016.12.28"]
[EventType "swiss"]
[EventRounds "9"]
[EventCountry "ENG"]
[SourceTitle "CBM 176 Extra"]
[Source "ChessBase"]
[SourceDate "2017.03.02"]
[SourceVersion "1"]
[SourceVersionDate "2017.03.02"]
[SourceQuality "1"]

1. d4 Nf6 2. Bf4 g6 3. Nf3 Bg7 4. e3 c5 5. Nbd2 cxd4 6. exd4 d6 7. Bc4 0-0 8. 0-0 Nbd7 9. h3 Nb6 10. Bb3 Bf5 11. Re1 h6 12. Nh4 d5 13. Nxf5 gxf5 14. c3 e6 15. Re3 Nbd7 16. g4 fxg4 17. hxg4 Nh7 18. Qe2 Qf6 19. Bd6 Rfc8 20. Bc2 Ndf8 21. Be5 Qh4 22. Bg3 Qf6 23. f4 Ng6 24. Rf1 Ngf8 25. Nf3 Qd8 26. Bh4 Qc7 27. Qh2 a5 28. Rf2 b5 29. Rg2 b4 30. g5 hxg5 31. Nxg5 Nxg5 32. Bxg5 Ng6 33. Qh5 bxc3 34. bxc3 Ra7 35. Bh6 Qb6 36. Bxg7 Kxg7 37. Bxg6 1-0

[Event "Hastings Masters op 92nd"]
[Site "Hastings"]
[Date "2016.12.31"]
[Round "4"]
[White "Bellin, Robert"]
[Black "White, Stuart A"]
[Result "1-0"]
[WhiteElo "2353"]
[BlackElo "1999"]
[PlyCount "81"]
[EventDate "2016.12.28"]
[EventType "swiss"]
[EventRounds "9"]
[EventCountry "ENG"]
[SourceTitle "CBM 176 Extra"]
[Source "ChessBase"]
[SourceDate "2017.03.02"]
[SourceVersion "1"]
[SourceVersionDate "2017.03.02"]
[SourceQuality "1"]

1. Nf3 d5 2. e3 Nf6 3. b3 Bg4 4. Bb2 Nbd7 5. Be2 e6 6. h3 Bxf3 7. Bxf3 Bd6 8. d3 0-0 9. Nd2 Qe7 10. a3 Rfd8 11. 0-0 Be5 12. d4 Bd6 13. Re1 c6 14. c4 Rac8 15. Qb1 Bb8 16. g3 Qd6 17. e4 dxe4 18. Nxe4 Nxe4 19. Qxe4 Nf6 20. Qh4 Qc7 21. Re3 Qa5 22. d5 e5 23. b4 Qa6 24. Bxe5 Bxe5 25. Rxe5 cxd5 26. Bxd5 Nxd5 27. cxd5 Re8 28. Rxe8+ Rxe8 29. Qd4 Qd6 30. Rd1 b6 31. Kg2 h5 32. h4 g6 33. Qc4 Rd8 34. Rd3 Rd7 35. Kf3 Rd8 36. Qf4 Kg7 37. Qxd6 Rxd6 38. Ke4 Kf6 39. Rc3 Rd7 40. Rc6+ Ke7 41. Ke5 1-0

[Event "Hastings Masters op 92nd"]
[Site "Hastings"]
[Date "2016.12.28"]
[Round "1"]
[White "Kalavannan, Koby"]
[Black "Bellin, Robert"]
[Result "1/2-1/2"]
[WhiteElo "2163"]
[BlackElo "2353"]
[PlyCount "31"]
[EventDate "2016.12.28"]
[EventType "swiss"]
[EventRounds "9"]
[EventCountry "ENG"]
[SourceTitle "CBM 176 Extra"]
[Source "ChessBase"]
[SourceDate "2017.03.02"]
[SourceVersion "1"]
[SourceVersionDate "2017.03.02"]
[SourceQuality "1"]

1. d4 d6 2. Nf3 Bg4 3. c4 Bxf3 4. exf3 g6 5. Be3 Bg7 6. Nc3 Nd7 7. Qa4 Ngf6 8. 0-0-0 0-0 9. h4 c6 10. g4 d5 11. c5 Qc7 12. Qc2 b6 13. cxb6 axb6 14. g5 Ne8 15. h5 b5 16. Bd3 1/2-1/2

[Event "Gibraltar Masters 14th"]
[Site "Caleta"]
[Date "2016.01.28"]
[Round "3"]
[White "Li, Chao B"]
[Black "Bellin, Robert"]
[Result "1-0"]
[WhiteElo "2751"]
[BlackElo "2350"]
[PlyCount "45"]
[EventDate "2016.01.26"]
[EventType "swiss"]
[EventRounds "10"]
[EventCountry "GGB"]
[SourceTitle "CBM 171"]
[Source "ChessBase"]
[SourceDate "2016.03.14"]
[SourceVersion "2"]
[SourceVersionDate "2016.03.14"]
[SourceQuality "1"]

1. d4 f5 2. g3 Nf6 3. Bg2 e6 4. Nf3 Be7 5. 0-0 0-0 6. c4 d5 7. Nc3 c6 8. Qc2 Ne4 9. Bf4 Nd7 10. Rad1 g5 11. Bc1 Nd6 12. cxd5 cxd5 13. Ne5 Nb6 14. g4 Ne4 15. Nxe4 fxe4 16. f3 exf3 17. exf3 Nd7 18. Ng6 hxg6 19. Qxg6+ Kh8 20. f4 Qe8 21. Qh6+ Kg8 22. f5 Rf6 23. Qxg5+ 1-0

[Event "Gibraltar Masters 13th"]
[Site "Caleta"]
[Date "2015.02.04"]
[Round "9"]
[White "Stefanova, Antoaneta"]
[Black "Bellin, Robert"]
[Result "1-0"]
[WhiteElo "2515"]
[BlackElo "2338"]
[PlyCount "55"]
[EventDate "2015.01.27"]
[EventType "swiss"]
[EventRounds "10"]
[EventCountry "GGB"]
[SourceTitle "CBM 165"]
[Source "ChessBase"]
[SourceDate "2015.03.11"]
[SourceVersion "1"]
[SourceVersionDate "2015.03.11"]
[SourceQuality "1"]

1. Nf3 e6 2. g3 f5 3. Bg2 Nf6 4. 0-0 Be7 5. c4 0-0 6. d4 c6 7. Nbd2 a5 8. b3 d6 9. Qc2 Na6 10. a3 Bd7 11. e4 fxe4 12. Nxe4 Nxe4 13. Qxe4 Nc7 14. h4 Be8 15. Ng5 Bg6 16. Qe2 Bf6 17. Be3 Qe7 18. Ne4 Bxe4 19. Bxe4 d5 20. Bc2 a4 21. bxa4 dxc4 22. Qxc4 Nd5 23. Bd2 c5 24. Rae1 Bxd4 25. Qxd5 Rxf2 26. Rxf2 Rf8 27. Qxd4 cxd4 28. Bb4 1-0

[Event "Gibraltar Masters 13th"]
[Site "Caleta"]
[Date "2015.02.03"]
[Round "8"]
[White "Bellin, Robert"]
[Black "Felgaer, Ruben Alejandro"]
[Result "0-1"]
[WhiteElo "2338"]
[BlackElo "2575"]
[PlyCount "56"]
[EventDate "2015.01.27"]
[EventType "swiss"]
[EventRounds "10"]
[EventCountry "GGB"]
[SourceTitle "CBM 165"]
[Source "ChessBase"]
[SourceDate "2015.03.11"]
[SourceVersion "1"]
[SourceVersionDate "2015.03.11"]
[SourceQuality "1"]

1. Nf3 c5 2. e3 d6 3. d4 Nd7 4. Bd3 g6 5. 0-0 Bg7 6. c3 Ngf6 7. Re1 d5 8. a4 0-0 9. b4 e5 10. Be2 e4 11. Nfd2 cxb4 12. cxb4 Re8 13. Nc3 Nf8 14. Ba3 h5 15. Qb3 Be6 16. Rac1 N8h7 17. Bf1 Ng4 18. h3 Nh6 19. b5 Nf5 20. Qd1 Qg5 21. Nb3 Nf6 22. Ne2 Nh4 23. Kh1 Qf5 24. Nf4 g5 25. Nxh5 Qxf2 26. Rc2 Qf5 27. Ng3 Qg6 28. Qh5 Qf5 0-1